Derecho canónico
Na minha lista:
| Autor principal: | |
|---|---|
| Formato: | Livro |
| Idioma: | espanhol |
| Publicado em: |
Madrid
UPCM
1991
|
| Assuntos: | |
| Tags: |
Adicionar Tag
Sem tags, seja o primeiro a adicionar uma tag!
|
MARC
| LEADER | 00000nam a2200000 a 4500 | ||
|---|---|---|---|
| 001 | UCV2862 | ||
| 003 | CL-VaPUC | ||
| 008 | 921209e19910000SP |||||||||||||||||spa|d | ||
| 082 | 0 | 4 | |a 262.9 |b DIA |2 21 |
| 100 | 0 | |a Díaz Moreno, José María |e author |9 297153 | |
| 245 | 1 | 0 | |a Derecho canónico |
| 300 | |a 577 p | ||
| 942 | |c BK | ||
| 945 | |d 19921209 00:00:00 | ||
| 260 | |a Madrid |b UPCM |c 1991 | ||
| 650 | 7 | |a DERECHO CANONICO |2 CL-VaPUC |9 297154 | |
| 650 | 7 | |a IGLESIA CATOLICA GOBIERNO |2 CL-VaPUC |9 258427 | |
| 583 | |a last modification |c 19921209 00:00:00 |k Rodrigo Vera | ||
| 999 | |c 210330 |d 210328 | ||
| 952 | |0 0 |1 0 |4 0 |6 262_900000000000000_DIA_1991 |7 0 |8 A |9 186475 |a BIBDER |b BIBDER |d 2019-11-14 |i 253956K |o 262.9 DIA 1991 |p 253956K |r 2023-01-25 |w 2019-11-14 |y BK |k DER | ||